000 00261nam a2200097Ia 4500
008 230915s9999 xx 000 0 und d
050 _aLB2822.22.S36 1999
100 _aMIKE SCHMOKER
245 0 _aRESULTS: THE KEY TO CONTINUOUS SCHOOL IMPROVEMENT
942 _cBK
999 _c169731
_d169731